Ermelo quiz - Statistieken

Algemene statistieken
  • Deze quiz is 51 keer genomen
  • De gemiddelde score is 12 van 15
Antwoordstatistieken
Hint Antwoord % Correct
Hoeveel perrons telt het station van Ermelo? 2
100%
Welke snelweg ligt het dichtst bij Ermelo? A28
100%
Welk voetbalteam speelt met geel/zwarte tenues? DVS33
92%
Welk dorp bevindt zich ten zuiden van Ermelo? Putten
92%
Hoe heet de sportschool die naast de brandweer kazerne gelegen is? FlexiFitness
85%
Wat is het netnummer van Ermelo? 0341
77%
Hoe heet het jaarlijkse zomer evenement wat voor een aantal weken in het dorp plaatsvindt? Braderie
77%
Wat is de naam van de in Ermelo liggende middelbare school? Christelijk College Groevenbeek
77%
Welke N-weg loopt er door het dorp Ermelo heen? N303
77%
Welk dier is er afgebeeld op de vlag van de gemeente Ermelo? Pauw
77%
Wat is de kleinste stad van Nederland, gelegen in de gemeente Ermelo? Staverden
77%
Op welke partij is er tijdens de 2e kamerverkiezingen op 17-03-21 het meest gestemd? VVD
77%
Hoe heette de voormalige corrupte burgemeester van Ermelo? André Baars
62%
Welke gemeente werd op 1 januari 1972 voor de tweede keer van de gemeente Ermelo afgesplitst? Nunspeet
62%
Welke prehistorische monumenten bevinden zich op de heides in ermelo? Grafheuvels
46%
Geen overeenkomende quizzen gevonden
Scoreverdeling
Procent van Mensen met Elke Score
Percentiel versus Aantal Correcte Antwoorden
Uw Scoregeschiedenis
U heeft deze quiz nog niet genomen